000 01328nac a22004457a 4500
001 BR8501432
003 BR-BrBNA
005 20240105120245.0
008 230509b bl.|||m| |||| 00| 0 por d
040 _aBR-BrBNA
_bpor
_cBiblioteca Nacional de Agricultura
072 _aE70; E15; F00
090 _aE70 BR8501432
110 1 _aFundacao Centro Estadual de Planejamento Agricola, Salvador, BA (Brasil)
_94810
245 1 _aInforme mensal de acompanhamento conjuntural. Fevereiro 1985 [safra, abastecimento, preco, Bahia, Brasil]
260 3 _aSalvador, BA (Brasil):
_c1985.
300 _a130 p.
490 _aInforme Mensal de Acompanhamento Conjuntural - Fundacao Centro Estadual de Planejamento Agricola (Brazil)
_vno. 61
_xISSN 0102-0943
500 _a47 tables; 17 graphs
650 _aSAFRA
650 _aABASTECIMENTO
650 _aESTATISTICA DE PRODUCAO
650 _aESTATISTICA COMERCIAL
650 _aPRECO
650 _aALGODAO
650 _aALHO
650 _aARROZ
650 _aBATATA
650 _aCEBOLA
650 _aFEIJAO
650 _aLARANJA
650 _aMAMONA
650 _aMANDIOCA
650 _aMILHO
650 _aSISAL
650 _aSOJA
650 _aTOMATE
650 _aBAHIA
909 _a202312
_bLúcia Elande
_c55
_dLúcia Elande
942 _2AGRIS
_n0
_cMS
999 _c278541
_d278541